[Event "HUN-chT2 Erkel 1617"]
[Site "Hungary"]
[Date "2017.02.26"]
[Round "9.6"]
[White "Hevesi, Zoltan"]
[Black "Szabo, Janos"]
[Result "1/2-1/2"]
[WhiteElo "2066"]
[BlackElo "2049"]
[PlyCount "35"]
[EventDate "2016.09.25"]
[EventType "team-tourn"]
[EventRounds "11"]
[EventCountry "HUN"]
[SourceTitle "EXT 2021"]
[Source "ChessBase"]
[SourceDate "2020.10.23"]
[SourceVersion "1"]
[SourceVersionDate "2020.10.23"]
[SourceQuality "1"]
[WhiteTeam "Andornaktalya"]
[BlackTeam "Budapest MAFC"]
[WhiteTeamCountry "HUN"]
[BlackTeamCountry "HUN"]

1. d4 Nf6 2. Nf3 g6 3. c4 Bg7 4. Nc3 0-0 5. g3 d6 6. Bg2 c6 7. e4 e6 8. a4 a5 9. 0-0 Na6 10. h3 Qe7 11. Qe2 e5 12. Be3 Nb4 13. Rfd1 Re8 14. Rac1 Nh5 15. c5 exd4 16. cxd6 Qxd6 17. Bxd4 Qe7 18. Bxg7 1/2-1/2

[Event "HUN-chT2 Erkel 1617"]
[Site "Hungary"]
[Date "2016.12.11"]
[Round "6.6"]
[White "Szabo, Janos"]
[Black "Kerek, Krisztian"]
[Result "0-1"]
[WhiteElo "2049"]
[BlackElo "2269"]
[PlyCount "57"]
[EventDate "2016.09.25"]
[EventType "team-tourn"]
[EventRounds "11"]
[EventCountry "HUN"]
[SourceTitle "EXT 2021"]
[Source "ChessBase"]
[SourceDate "2020.10.23"]
[SourceVersion "1"]
[SourceVersionDate "2020.10.23"]
[SourceQuality "1"]
[WhiteTeam "Budapest MAFC"]
[BlackTeam "Szigetszentmiklos"]
[WhiteTeamCountry "HUN"]
[BlackTeamCountry "HUN"]

1. e4 c5 2. c3 d6 3. d4 Nf6 4. Bd3 g6 5. Ne2 Bg7 6. 0-0 0-0 7. h3 b6 8. d5 e5 9. c4 Nh5 10. Nbc3 f5 11. exf5 gxf5 12. Ng3 Nxg3 13. fxg3 e4 14. Bc2 Nd7 15. Qh5 Ne5 16. g4 fxg4 17. Nxe4 Rxf1+ 18. Kxf1 gxh3 19. gxh3 Qf8+ 20. Kg2 Qf5 21. Bg5 Qf7 22. Qe2 Bf5 23. Nxd6 Qg6 24. Nxf5 Qxg5+ 25. Kh1 Ng6 26. Qe6+ Kh8 27. Rf1 Be5 28. Re1 Qf4 29. Rxe5 0-1

[Event "HUN-chT2 Asztalos 1516"]
[Site "Hungary"]
[Date "2015.11.08"]
[Round "4.8"]
[White "Fekete, Lajos"]
[Black "Szabo, Janos"]
[Result "1/2-1/2"]
[WhiteElo "1869"]
[BlackElo "1664"]
[PlyCount "67"]
[EventDate "2015.09.13"]
[EventType "team-tourn"]
[EventRounds "11"]
[EventCountry "HUN"]
[SourceTitle "CBM 170 Extra"]
[Source "ChessBase"]
[SourceDate "2016.02.25"]
[SourceVersion "1"]
[SourceVersionDate "2016.02.25"]
[SourceQuality "1"]
[WhiteTeam "Pet"]
[BlackTeam "Sarosd"]
[WhiteTeamCountry "HUN"]
[BlackTeamCountry "HUN"]

1. d4 Nf6 2. c4 g6 3. Nc3 d5 4. Bg5 Bg7 5. e3 c6 6. Bd3 Qa5 7. Bxf6 Bxf6 8. Nge2 Qb4 9. Qb3 Na6 10. 0-0 Qxb3 11. axb3 Nb4 12. Bb1 e6 13. Nf4 0-0 14. Nd3 Nxd3 15. Bxd3 Bd7 16. Ra2 b6 17. Rfa1 a5 18. Na4 Rfb8 19. c5 Bd8 20. Bc2 Ra6 21. Kf1 Kg7 22. Ke2 bxc5 23. Nxc5 Ra7 24. Kd2 Bb6 25. Na4 Bc7 26. Kc3 Bd6 27. Nc5 Bxc5 28. dxc5 Rb5 29. Bd3 Rb4 30. Rxa5 Rab7 31. Bc2 e5 32. R1a3 d4+ 33. Kd3 e4+ 34. Kd2 1/2-1/2

[Event "HUN-chT2 Erkel 1516"]
[Site "Hungary"]
[Date "2015.10.18"]
[Round "3.5"]
[White "Gal, Peter"]
[Black "Szabo, Janos"]
[Result "1/2-1/2"]
[WhiteElo "2018"]
[BlackElo "2144"]
[PlyCount "28"]
[EventDate "2015.09.13"]
[EventType "team-tourn"]
[EventRounds "11"]
[EventCountry "HUN"]
[SourceTitle "CBM 170 Extra"]
[Source "ChessBase"]
[SourceDate "2016.02.25"]
[SourceVersion "1"]
[SourceVersionDate "2016.02.25"]
[SourceQuality "1"]
[WhiteTeam "Andornaktalya"]
[BlackTeam "MAFC"]
[WhiteTeamCountry "HUN"]
[BlackTeamCountry "HUN"]

1. e4 c5 2. f4 d5 3. e5 d4 4. d3 Nc6 5. Nd2 h5 6. Be2 g6 7. Ne4 Nh6 8. Bd2 b6 9. Nf3 Nf5 10. Nfg5 Bh6 11. 0-0 0-0 12. g3 f6 13. exf6 exf6 14. Nf3 Be6 1/2-1/2

[Event "HUN-chT2 Breyer 1415"]
[Site "Hungary"]
[Date "2015.02.08"]
[Round "?"]
[White "Szabo, Janos"]
[Black "Rosta, Sandor"]
[Result "1-0"]
[WhiteElo "2137"]
[BlackElo "2059"]
[PlyCount "49"]
[EventDate "2014.09.07"]
[EventType "team-tourn"]
[EventRounds "11"]
[EventCountry "HUN"]
[SourceTitle "EXT 2016"]
[Source "ChessBase"]
[SourceDate "2015.10.08"]
[SourceVersion "1"]
[SourceVersionDate "2015.10.08"]
[SourceQuality "1"]
[WhiteTeam "MAFC"]
[BlackTeam "Szazhalombatta"]
[WhiteTeamCountry "HUN"]
[BlackTeamCountry "HUN"]

1. e4 e6 2. d4 d5 3. Nc3 Nf6 4. Bg5 Bb4 5. e5 h6 6. Bd2 Bxc3 7. bxc3 Ne4 8. Nf3 c5 9. Bd3 Nxd2 10. Qxd2 c4 11. Be2 Bd7 12. 0-0 b5 13. g3 Nc6 14. Nh4 g5 15. Ng2 Qe7 16. Bh5 Rh7 17. f4 Kd8 18. f5 exf5 19. Ne3 f4 20. Nxd5 Qe6 21. Nf6 Rg7 22. Bg4 Qxg4 23. Nxg4 Bxg4 24. gxf4 Ne7 25. Qg2 1-0

[Event "HUN-chT2 Breyer 1415"]
[Site "Hungary"]
[Date "2014.09.21"]
[Round "2.3"]
[White "Halak, Miklos"]
[Black "Szabo, Janos"]
[Result "1-0"]
[WhiteElo "2224"]
[BlackElo "2137"]
[PlyCount "47"]
[EventDate "2014.09.07"]
[EventType "team-tourn"]
[EventRounds "11"]
[EventCountry "HUN"]
[SourceTitle "EXT 2016"]
[Source "ChessBase"]
[SourceDate "2015.10.08"]
[SourceVersion "1"]
[SourceVersionDate "2015.10.08"]
[SourceQuality "1"]
[WhiteTeam "Hobagoly"]
[BlackTeam "MAFC"]
[WhiteTeamCountry "HUN"]
[BlackTeamCountry "HUN"]

1. e4 c5 2. c3 Nf6 3. e5 Nd5 4. d4 cxd4 5. Nf3 Nc6 6. cxd4 d6 7. Bc4 Nb6 8. Bb5 a6 9. Bxc6+ bxc6 10. Qc2 Qc7 11. 0-0 Bg4 12. exd6 exd6 13. Qe4+ Be6 14. Ng5 Qd7 15. Re1 0-0-0 16. Nc3 Bd5 17. Nxd5 Nxd5 18. Bd2 Kb7 19. b4 h6 20. Nf3 g5 21. a4 g4 22. b5 f5 23. bxc6+ Qxc6 24. Qxf5 1-0

[Event "HUN-chT2 Erkel 1314"]
[Site "Hungary"]
[Date "2013.10.20"]
[Round "3.7"]
[White "Szabo, Janos"]
[Black "Matuska, Miklos"]
[Result "1-0"]
[WhiteElo "2115"]
[BlackElo "2082"]
[PlyCount "81"]
[EventDate "2013.09.08"]
[EventType "team-tourn"]
[EventRounds "11"]
[EventCountry "HUN"]
[SourceTitle "EXT 2016"]
[Source "ChessBase"]
[SourceDate "2015.10.08"]
[SourceVersion "1"]
[SourceVersionDate "2015.10.08"]
[SourceQuality "1"]
[WhiteTeam "Budapest MAFC"]
[BlackTeam "Pestszentlorinc"]
[WhiteTeamCountry "HUN"]
[BlackTeamCountry "HUN"]

1. e4 c5 2. Nf3 d6 3. Bb5+ Bd7 4. c4 Nc6 5. d4 cxd4 6. Nxd4 Nf6 7. Nc3 e6 8. 0-0 Be7 9. Be3 0-0 10. Rc1 a6 11. Ba4 Rc8 12. f3 Qa5 13. Bxc6 bxc6 14. Qd2 Kh8 15. g4 c5 16. Nb3 Qc7 17. g5 Nh5 18. f4 f5 19. Qe2 g6 20. Nd2 Rf7 21. Rf3 Rcf8 22. Rcf1 Qb7 23. Qd3 Bc6 24. R3f2 Rd8 25. exf5 Rxf5 26. Nce4 Qc7 27. Ng3 Nxg3 28. hxg3 d5 29. Nf3 d4 30. Bc1 Bd6 31. Nh4 Rf7 32. b4 Kg7 33. Bb2 Qb7 34. Re1 Qxb4 35. Rxe6 Qb8 36. Nxg6 Re8 37. Bxd4+ cxd4 38. Qxd4+ Be5 39. Nxe5 Qd8 40. Rd6 Qb8 41. Nxc6+ 1-0

[Event "HUN-chT2 Erkel 1112"]
[Site "Hungary"]
[Date "2012.04.22"]
[Round "9.3"]
[White "Kovacs, Istvan"]
[Black "Szabo, Janos"]
[Result "1-0"]
[WhiteElo "2200"]
[BlackElo "2178"]
[PlyCount "61"]
[EventDate "2011.09.25"]
[EventType "team-tourn"]
[EventRounds "11"]
[EventCountry "HUN"]
[SourceTitle "EXT 2013"]
[Source "ChessBase"]
[SourceDate "2012.11.22"]
[SourceVersion "1"]
[SourceVersionDate "2012.11.22"]
[SourceQuality "1"]
[WhiteTeam "Dunaharaszti"]
[BlackTeam "MAFC"]
[WhiteTeamCountry "HUN"]
[BlackTeamCountry "HUN"]

1. Nf3 d6 2. d4 g6 3. g3 Bg7 4. Bg2 Nf6 5. 0-0 0-0 6. c4 c6 7. Nc3 a6 8. e4 b5 9. e5 Ne8 10. cxb5 axb5 11. Re1 h6 12. Bf4 d5 13. Qd2 Kh7 14. Ne2 Nc7 15. Nc1 Ne6 16. Nd3 Nd7 17. Nb4 Bb7 18. Rac1 Qb6 19. Be3 Nd8 20. h4 e6 21. h5 gxh5 22. Nh4 f6 23. Qc2+ f5 24. Qd1 Nf7 25. Qxh5 Nh8 26. a3 Rac8 27. Nd3 Qd8 28. Nf4 Qe8 29. Qe2 Rg8 30. Bh3 Bf8 31. Nxe6 1-0

[Event "HUN-chT2 Breyer 0910"]
[Site "Hungary"]
[Date "2010.05.02"]
[Round "11"]
[White "Szabo, Janos"]
[Black "Rummel, Zsolt"]
[Result "1/2-1/2"]
[WhiteElo "2192"]
[BlackElo "2166"]
[PlyCount "61"]
[EventDate "2009.11.08"]
[EventType "team-tourn"]
[EventRounds "11"]
[EventCountry "HUN"]
[SourceTitle "EXT 2011"]
[Source "ChessBase"]
[SourceDate "2010.11.26"]
[SourceVersion "1"]
[SourceVersionDate "2010.11.26"]
[SourceQuality "1"]
[WhiteTeam "MAFC"]
[BlackTeam "Zsambek"]
[WhiteTeamCountry "HUN"]
[BlackTeamCountry "HUN"]

1. d4 d5 2. e3 Nf6 3. f4 c5 4. c3 Nc6 5. Nf3 Bg4 6. Bd3 e6 7. 0-0 Bd6 8. a3 a5 9. Nbd2 Qb6 10. Kh1 0-0 11. Qe2 Rac8 12. h3 Bxf3 13. Qxf3 Rc7 14. Rb1 Rfc8 15. Re1 Qa7 16. Nf1 c4 17. Bc2 b5 18. Ng3 b4 19. axb4 axb4 20. e4 dxe4 21. Nxe4 Nxe4 22. Bxe4 Ne7 23. f5 exf5 24. Bxf5 Nxf5 25. Qxf5 Qb7 26. Bf4 Bxf4 27. Qxf4 h6 28. Qe4 Qxe4 29. Rxe4 Rd7 30. Rbe1 Kf8 31. Kg1 1/2-1/2

[Event "HUN-chT2 Breyer 0910"]
[Site "Hungary"]
[Date "2010.04.11"]
[Round "9"]
[White "Gelle, Istvan"]
[Black "Szabo, Janos"]
[Result "0-1"]
[WhiteElo "2352"]
[BlackElo "2192"]
[PlyCount "114"]
[EventDate "2009.11.08"]
[EventType "team-tourn"]
[EventRounds "11"]
[EventCountry "HUN"]
[SourceTitle "EXT 2011"]
[Source "ChessBase"]
[SourceDate "2010.11.26"]
[SourceVersion "1"]
[SourceVersionDate "2010.11.26"]
[SourceQuality "1"]
[WhiteTeam "Torokbalint"]
[BlackTeam "MAFC"]
[WhiteTeamCountry "HUN"]
[BlackTeamCountry "HUN"]

1. d4 Nf6 2. Bf4 d6 3. e3 g6 4. h3 Bg7 5. Nf3 0-0 6. c3 Nbd7 7. Be2 a6 8. a4 b6 9. 0-0 Bb7 10. Nbd2 c5 11. Bh2 Qc7 12. Qb3 Rfc8 13. Bc4 e6 14. Bxe6 fxe6 15. Qxe6+ Kh8 16. Ng5 Bd5 17. Nf7+ Kg8 18. Nh6+ Kh8 19. Nf7+ Kg8 20. Qxd6 Qb7 21. Ng5 Bf8 22. Qg3 Nh5 23. Qg4 Ndf6 24. Qd1 Bxg2 25. Qb3+ c4 26. Nxc4 Bd5 27. Qxb6 Rxc4 28. Qxb7 Bxb7 29. Rfc1 Rac8 30. a5 Ne4 31. Nxe4 Bxe4 32. Rf1 Bf3 33. Be5 Bg7 34. Bd6 R4c6 35. Bc5 Bf8 36. b4 Bxc5 37. bxc5 Rf6 38. Rfb1 Rf5 39. Rb6 Nf6 40. Kh2 Ne4 41. Rg1 Rcf8 42. Rxa6 Be2 43. Rb6 Rxf2+ 44. Rg2 Rxg2+ 45. Kxg2 Rf2+ 46. Kg1 Bf3 47. Rb8+ Kg7 48. Rb7+ Kf6 49. Rb6+ Kf7 50. Rb7+ Ke6 51. d5+ Kxd5 52. Rf7 Rg2+ 53. Kf1 Ng3+ 54. Ke1 Ke4 55. c6 Kxe3 56. Rxf3+ Kxf3 57. c7 Re2+ 0-1

[Event "HUN-chT2 Breyer 0910"]
[Site "Hungary"]
[Date "2009.11.08"]
[Round "1"]
[White "Horvath, Csaba3333"]
[Black "Szabo, Janos"]
[Result "1-0"]
[WhiteElo "2225"]
[BlackElo "2192"]
[PlyCount "57"]
[EventDate "2009.11.08"]
[EventType "team-tourn"]
[EventRounds "11"]
[EventCountry "HUN"]
[SourceTitle "EXT 2011"]
[Source "ChessBase"]
[SourceDate "2010.11.26"]
[SourceVersion "1"]
[SourceVersionDate "2010.11.26"]
[SourceQuality "1"]
[WhiteTeam "Geniusz Tata"]
[BlackTeam "MAFC"]
[WhiteTeamCountry "HUN"]
[BlackTeamCountry "HUN"]

1. Nf3 d6 2. d4 Nf6 3. g3 g6 4. Bg2 Bg7 5. 0-0 0-0 6. c4 c6 7. Nc3 a6 8. a4 a5 9. e4 Na6 10. Re1 Be6 11. Qe2 h6 12. h3 Qc8 13. Kh2 d5 14. exd5 cxd5 15. Ne5 Nb4 16. Nxg6 fxg6 17. Qxe6+ Qxe6 18. Rxe6 Kf7 19. cxd5 Nbxd5 20. Nxd5 Kxe6 21. Nc7+ Kd7 22. Nxa8 Rxa8 23. Bxb7 Rb8 24. Ba6 Ne4 25. Bb5+ Kd6 26. Bf4+ e5 27. dxe5+ Bxe5 28. Rd1+ Ke6 29. Re1 1-0

[Event "HUN-chT2 Erkel 0809"]
[Site "Hungary"]
[Date "2009.04.19"]
[Round "11.3"]
[White "Hujbert, Florian"]
[Black "Szabo, Janos"]
[Result "0-1"]
[WhiteElo "2285"]
[BlackElo "2192"]
[PlyCount "74"]
[EventDate "2008.10.26"]
[EventType "team-tourn"]
[EventRounds "11"]
[EventCountry "HUN"]
[SourceTitle "EXT 2010"]
[Source "ChessBase"]
[SourceDate "2010.11.25"]
[SourceVersion "1"]
[SourceVersionDate "2010.11.25"]
[SourceQuality "1"]
[WhiteTeam "Vaci"]
[BlackTeam "MAFC"]
[WhiteTeamCountry "HUN"]
[BlackTeamCountry "HUN"]

1. d4 Nf6 2. c4 g6 3. Nc3 Bg7 4. e4 d6 5. f3 0-0 6. Be3 e5 7. Nge2 Nc6 8. d5 Ne7 9. Qd2 Ne8 10. g4 f5 11. g5 c5 12. 0-0-0 a6 13. h4 f4 14. Bf2 b5 15. Bxc5 Bd7 16. cxb5 Rc8 17. Bf2 axb5 18. b4 Rc4 19. a3 Qc8 20. Kb2 Qa6 21. Nc1 Nc7 22. Nb3 Ra8 23. Na5 Rd4 24. Bd3 Nc8 25. Ne2 Nb6 26. Nxd4 Na4+ 27. Kb3 exd4 28. Rc1 Qb6 29. Rc2 Na6 30. Rhc1 N6c5+ 31. Ka2 Nc3+ 32. Rxc3 dxc3 33. Rxc3 Bxc3 34. Qxc3 Nxe4 35. Bxe4 Qxf2+ 36. Kb3 Rc8 37. Nc6 Rxc6 0-1

[Event "HUN-chT2 Erkel 0809"]
[Site "Hungary"]
[Date "2009.02.22"]
[Round "8.2"]
[White "Ujj, Daniel"]
[Black "Szabo, Janos"]
[Result "1/2-1/2"]
[WhiteElo "2244"]
[BlackElo "2192"]
[PlyCount "30"]
[EventDate "2008.10.26"]
[EventType "team-tourn"]
[EventRounds "11"]
[EventCountry "HUN"]
[SourceTitle "EXT 2010"]
[Source "ChessBase"]
[SourceDate "2010.11.25"]
[SourceVersion "1"]
[SourceVersionDate "2010.11.25"]
[SourceQuality "1"]
[WhiteTeam "Paszto"]
[BlackTeam "MAFC"]
[WhiteTeamCountry "HUN"]
[BlackTeamCountry "HUN"]

1. e4 c5 2. Nf3 Nf6 3. e5 Nd5 4. Nc3 e6 5. Nxd5 exd5 6. d4 d6 7. Bb5+ Nc6 8. c3 Bg4 9. dxc5 dxc5 10. 0-0 Be7 11. Qa4 Bd7 12. Bxc6 bxc6 13. Qg4 0-0 14. Re1 h6 15. Qg3 Kh8 1/2-1/2

[Event "HUN-chT2 Erkel 0809"]
[Site "Hungary"]
[Date "2008.12.21"]
[Round "4.3"]
[White "Szabo, Janos"]
[Black "Peredy, Ferenc"]
[Result "0-1"]
[WhiteElo "2192"]
[BlackElo "2252"]
[PlyCount "52"]
[EventDate "2008.10.26"]
[EventType "team-tourn"]
[EventRounds "11"]
[EventCountry "HUN"]
[SourceTitle "EXT 2010"]
[Source "ChessBase"]
[SourceDate "2010.11.25"]
[SourceVersion "1"]
[SourceVersionDate "2010.11.25"]
[SourceQuality "1"]
[WhiteTeam "MAFC"]
[BlackTeam "TTC"]
[WhiteTeamCountry "HUN"]
[BlackTeamCountry "HUN"]

1. e4 c5 2. Nf3 g6 3. Bc4 Bg7 4. 0-0 d6 5. Re1 Nc6 6. c3 e5 7. d3 Nge7 8. Ng5 0-0 9. Qb3 Qe8 10. Na3 Na5 11. Qd1 h6 12. Nf3 Nxc4 13. Nxc4 Qc6 14. b4 Qc7 15. Bb2 Be6 16. Ncd2 Rac8 17. a3 b6 18. Rc1 Rcd8 19. d4 g5 20. d5 Bc8 21. Nf1 f5 22. exf5 Nxf5 23. Ng3 Qf7 24. Qd2 g4 25. Nxf5 Qxf5 26. Nh4 Qg5 0-1

[Event "HUN-chT2 Erkel 0809"]
[Site "Hungary"]
[Date "2008.10.26"]
[Round "1.2"]
[White "Nogrady, Vilmos"]
[Black "Szabo, Janos"]
[Result "1-0"]
[WhiteElo "2220"]
[BlackElo "2192"]
[PlyCount "73"]
[EventDate "2008.10.26"]
[EventType "team-tourn"]
[EventRounds "11"]
[EventCountry "HUN"]
[SourceTitle "EXT 2010"]
[Source "ChessBase"]
[SourceDate "2010.11.25"]
[SourceVersion "1"]
[SourceVersionDate "2010.11.25"]
[SourceQuality "1"]
[WhiteTeam "Foti"]
[BlackTeam "MAFC"]
[WhiteTeamCountry "HUN"]
[BlackTeamCountry "HUN"]

1. e4 c5 2. Nc3 e6 3. f4 d5 4. Nf3 d4 5. Ne2 Nc6 6. Ng3 Bd6 7. e5 Bf8 8. Bb5 Nge7 9. 0-0 Bd7 10. Ne4 Nd5 11. d3 Be7 12. Nfg5 h6 13. Qh5 0-0 14. Nh3 Be8 15. Bxc6 bxc6 16. Qg4 h5 17. Qe2 g6 18. Nhg5 Kg7 19. Bd2 Bd7 20. Rf3 Qc7 21. c4 dxc3 22. bxc3 Bxg5 23. Nxg5 Rab8 24. c4 Ne7 25. Bc3 Nf5 26. Rh3 Rh8 27. Ne4 Qb6 28. Qf2 Nd4 29. Re1 Rb7 30. Qh4 Rhb8 31. Qf6+ Kg8 32. Nd6 Be8 33. Nxb7 Rxb7 34. g4 Ne2+ 35. Rxe2 Qb1+ 36. Kf2 Qh1 37. Re1 1-0

[Event "HUN-chT2 Breyer 0708"]
[Site "Hungary"]
[Date "2007.12.16"]
[Round "5"]
[White "Szabo, Janos"]
[Black "Koczo, Kristof"]
[Result "1/2-1/2"]
[WhiteElo "2190"]
[BlackElo "2251"]
[PlyCount "124"]
[EventDate "2007.10.14"]
[EventType "team"]
[EventRounds "11"]
[EventCountry "HUN"]
[SourceTitle "EXT 2009"]
[Source "ChessBase"]
[SourceDate "2008.11.26"]
[SourceVersion "1"]
[SourceVersionDate "2008.11.26"]
[SourceQuality "1"]
[WhiteTeam "MAFC"]
[BlackTeam "Honved II"]
[WhiteTeamCountry "HUN"]
[BlackTeamCountry "HUN"]

1. e4 c6 2. d3 d5 3. Nd2 e5 4. g3 Nf6 5. Bg2 Bc5 6. Ngf3 Qe7 7. 0-0 0-0 8. Qe2 Re8 9. h3 Nbd7 10. Kh2 Nf8 11. c3 dxe4 12. Nxe4 Nxe4 13. dxe4 a5 14. Nh4 g6 15. Be3 Bxe3 16. Qxe3 Ne6 17. Nf3 f6 18. Ng1 Nc5 19. Ne2 Be6 20. b3 Red8 21. Rad1 b5 22. f4 Bf7 23. Ng1 Kg7 24. g4 exf4 25. Qxf4 Nd3 26. Qg3 Qe5 27. Nf3 Qxg3+ 28. Kxg3 Ne5 29. g5 Rxd1 30. gxf6+ Kxf6 31. Rxd1 Nxf3 32. Bxf3 Ke5 33. Rd7 Be6 34. Re7 h5 35. Rg7 a4 36. Rxg6 axb3 37. axb3 Ra3 38. Rg5+ Kd6 39. e5+ Kc5 40. Rg6 Bd5 41. Bxd5 Kxd5 42. Kf4 Rxb3 43. Rd6+ Kc5 44. Rd1 Rxc3 45. e6 Rc2 46. Re1 Rf2+ 47. Ke5 Rf8 48. e7 Re8 49. Ke6 b4 50. Kd7 Rxe7+ 51. Rxe7 Kd5 52. Re6 c5 53. Rd6+ Kc4 54. Kc6 b3 55. Rd5 b2 56. Rxc5+ Kd3 57. Rb5 Kc2 58. Kd5 b1Q 59. Rxb1 Kxb1 60. Ke5 Kc2 61. Kf5 Kd3 62. Kg5 Ke4 1/2-1/2

[Event "HUN-chT2 Erkel 0607"]
[Site "Hungary"]
[Date "2007.05.20"]
[Round "11"]
[White "Szegedi, Peter"]
[Black "Szabo, Janos"]
[Result "1-0"]
[WhiteElo "2223"]
[BlackElo "2197"]
[PlyCount "106"]
[EventDate "2006.11.12"]
[EventType "team"]
[EventRounds "11"]
[EventCountry "HUN"]
[SourceTitle "EXT 2008"]
[Source "ChessBase"]
[SourceDate "2007.11.25"]
[SourceVersion "1"]
[SourceVersionDate "2007.11.25"]
[SourceQuality "1"]
[WhiteTeam "Ujszasz"]
[BlackTeam "MAFC"]
[WhiteTeamCountry "HUN"]
[BlackTeamCountry "HUN"]

1. h4 e5 2. d4 exd4 3. c3 d5 4. cxd4 Nf6 5. Bg5 h6 6. Bf4 Bd6 7. Bxd6 Qxd6 8. a3 0-0 9. e3 Bf5 10. Bd3 Ne4 11. g4 Bh7 12. g5 f5 13. gxh6 Qxh6 14. Qb3 c6 15. Qxb7 f4 16. Bxe4 Bxe4 17. f3 Qg6 18. fxe4 Qg2 19. Nc3 Nd7 20. Qxd7 Qxb2 21. Nd1 Qxa1 22. Qxc6 Rad8 23. Nf3 fxe3 24. Qe6+ Kh8 25. h5 e2 26. Kxe2 Qa2+ 27. Nd2 Rde8 28. Qh3 Rxe4+ 29. Kd3 Qxa3+ 30. Nc3 Qa6+ 31. Kc2 Rxd4 32. Qe3 Rdf4 33. h6 Qg6+ 34. Kc1 gxh6 35. Qe5+ Kh7 36. Qxd5 R4f7 37. Qe4 Qxe4 38. Ncxe4 Rc8+ 39. Kd1 Rfc7 40. Ke2 Rc1 41. Rh5 Ra1 42. Ke3 a5 43. Kf4 a4 44. Kf5 a3 45. Ng5+ Kg7 46. Ne6+ Kf7 47. Rxh6 Rc2 48. Rh7+ Ke8 49. Kf6 Rf1+ 50. Nxf1 Rf2+ 51. Ke5 Rxf1 52. Ra7 a2 53. Rxa2 Ke7 1-0

[Event "HUN-chT2 Erkel 0607"]
[Site "Hungary"]
[Date "2007.04.15"]
[Round "8"]
[White "Koszegi, Lajos"]
[Black "Szabo, Janos"]
[Result "1/2-1/2"]
[WhiteElo "2111"]
[BlackElo "2210"]
[PlyCount "79"]
[EventDate "2006.11.12"]
[EventType "team"]
[EventRounds "11"]
[EventCountry "HUN"]
[SourceTitle "EXT 2008"]
[Source "ChessBase"]
[SourceDate "2007.11.25"]
[SourceVersion "1"]
[SourceVersionDate "2007.11.25"]
[SourceQuality "1"]
[WhiteTeam "Godollo"]
[BlackTeam "MAFC"]
[WhiteTeamCountry "HUN"]
[BlackTeamCountry "HUN"]

1. e4 c5 2. Nc3 Nc6 3. f4 e6 4. Nf3 d5 5. Bb5 d4 6. Nb1 Qc7 7. 0-0 Bd7 8. d3 Bd6 9. Na3 Bxf4 10. Bxf4 Qxf4 11. Nc4 Qc7 12. e5 Nh6 13. Nd6+ Ke7 14. Bxc6 Bxc6 15. Qd2 Rhg8 16. b4 b6 17. c3 dxc3 18. Qxc3 f5 19. Rac1 Bxf3 20. Rxf3 Ng4 21. d4 Rgd8 22. h3 Nh6 23. dxc5 Nf7 24. g4 g6 25. Qe1 Kf8 26. gxf5 gxf5 27. Qh4 Qe7 28. Qxe7+ Kxe7 29. Nxf7 Kxf7 30. cxb6 axb6 31. Rc7+ Kg6 32. Rc6 Rxa2 33. Rxe6+ Kg5 34. Rf2 Rxf2 35. Kxf2 Kf4 36. Rxb6 Kxe5 37. Rh6 Rb8 38. Rxh7 Rxb4 39. Kf3 Rb3+ 40. Kf2 1/2-1/2